000
00290nam a22001337a 4500
008
180924b xxu||||| |||| 00| 0 eng d
020
_a
0195021037
041
_a
eng
080
_a
316
100
_a
50
101
_a
SOC
245
_a
Sociology as an Art Form
_c
Nisbet, R
942
_2
udc
_c
BK
999
_c
48392
_d
48392